Eastern Utah Libraries Catalog: Duchesne, Heber, Roosevelt, & Vernal

The dragon reborn (Record no. 57614)

MARC details
000 -LEADER
fixed length control field 01858cim a2200481Ia 4500
001 - CONTROL NUMBER
control field 700949953
003 - CONTROL NUMBER IDENTIFIER
control field OCoLC
005 - DATE AND TIME OF LATEST TRANSACTION
control field 20241220122554.0
008 - FIXED-LENGTH DATA ELEMENTS--GENERAL INFORMATION
fixed length control field 110207t19971997nyunnn f n eng d
020 ## - INTERNATIONAL STANDARD BOOK NUMBER
International Standard Book Number 9781593975319
020 ## - INTERNATIONAL STANDARD BOOK NUMBER
International Standard Book Number 1593975317
035 ## - SYSTEM CONTROL NUMBER
System control number (OCoLC)700949953
Canceled/invalid control number (OCoLC)732728880
-- (OCoLC)732775101
040 ## - CATALOGING SOURCE
Original cataloging agency AJP
Language of cataloging eng
Transcribing agency AJP
Modifying agency OCLCQ
-- HFU
Description conventions rda
082 04 - DEWEY DECIMAL CLASSIFICATION NUMBER
Classification number AUDIO FIC JOR
092 ## - LOCALLY ASSIGNED DEWEY CALL NUMBER (OCLC)
Classification number JORDAN
099 ## - LOCAL FREE-TEXT CALL NUMBER (OCLC)
Classification number BKCD
-- J826wt 3
100 1# - MAIN ENTRY--PERSONAL NAME
Personal name Jordan, Robert,
Dates associated with a name 1948-2007.
9 (RLIN) 43436
245 14 - TITLE STATEMENT
Title The dragon reborn
Medium [sound recording] /
Statement of responsibility, etc Robert Jordan.
246 ## - VARYING FORM OF TITLE
Remainder of title Wheel of time
246 ## - VARYING FORM OF TITLE
Remainder of title Wheel of time book three
246 ## - VARYING FORM OF TITLE
Remainder of title Wheel of time book 3
264 #1 - Production, Publication, Distribution, Manufacture, and Copyright Notice.
Place of production, publication, distribution, manufacture New York :
Name of producer, publisher, distributor, manufacturer Macmillan Audio,
Date of production, publication, distribution, manufacture, or copyr [1997]
264 #4 - Production, Publication, Distribution, Manufacture, and Copyright Notice.
Date of production, publication, distribution, manufacture, or copyr ℗1997.
300 ## - PHYSICAL DESCRIPTION
Extent 22 audio discs (27 hr.) :
Other physical details digital ;
Dimensions 4 3/4 in.
336 ## - Content Type
Content type term spoken word
337 ## - Media type
Media type term audio
338 ## - Carrier type
Carrier type term audio disc
490 1# - SERIES STATEMENT
Series statement Wheel of time ;
Volume number/sequential designation bk. 3.
500 ## - GENERAL NOTE
General note Unabridged.
500 ## - GENERAL NOTE
General note Compact disc.
500 ## - GENERAL NOTE
General note Sequel to: The great hunt; sequel: The shadow rising.
500 ## - GENERAL NOTE
General note "Includes a bonus interview with the author"--Cover note.
511 0# - PARTICIPANT OR PERFORMER NOTE
Participant or performer note Read by Kate Reading and Michael Kramer.
520 ## - SUMMARY, ETC.
Summary, etc Rand Al'Thor, the long-prophesied leader who will save the world, is on the run from his destiny. Able to touch the One Power, but unable to control it, Rand knows that he must ultimately face the Dark One--in a battle to the death. But, how?
650 #0 - SUBJECT ADDED ENTRY--TOPICAL TERM
Topical term or geographic name as entry element Rand al'Thor (Fictitious character)
Form subdivision Fiction.
9 (RLIN) 5688666
655 #7 - INDEX TERM--GENRE/FORM
Genre/form data or focus term Fiction.
Source of term lcgft
9 (RLIN) 5673940
655 #7 - INDEX TERM--GENRE/FORM
Genre/form data or focus term Sound recordings.
Source of term lcgft
9 (RLIN) 5734576
700 1# - ADDED ENTRY--PERSONAL NAME
Personal name Reading, Kate.
9 (RLIN) 62326
700 1# - ADDED ENTRY--PERSONAL NAME
Personal name Kramer, Michael.
9 (RLIN) 20352
800 1# - SERIES ADDED ENTRY--PERSONAL NAME
Personal name Jordan, Robert,
Dates associated with a name 1948-2007.
Title of a work Wheel of time ;
Volume/sequential designation bk. 3.
907 ## - LOCAL DATA ELEMENT G, LDG (RLIN)
a .b199340043
942 ## - ADDED ENTRY ELEMENTS (KOHA)
Source of classification or shelving scheme Dewey Decimal Classification
Koha item type Audiobook on CD
Holdings
Withdrawn status Lost status Source of classification or shelving scheme Materials specified (bound volume or other part) Damaged status Not for loan Collection code Home library Current library Shelving location Date acquired Source of acquisition Cost, normal purchase price Total Checkouts Full call number Barcode Date last seen Date checked out Cost, replacement price Price effective from Koha item type
    Dewey Decimal Classification .CIRCNOTE. 22 discs     Audiobooks Wasatch County Library Wasatch County Library Second Floor 02/05/2016 Amazon 79.00 7 CD Jor 34301001461104 03/07/2024 10/17/2023 79.00 03/20/2020 Audiobook on CD
This project was made possible through a grant from the Institute of Museum and Library Service administered by the Utah State Library Division.

Wasatch County Library

  • 465 East 1200 South, Heber City, Utah 84032
  • Phone 435-654-1511 | Fax 435-654-6456

Hours

  • Monday - Friday 9:30 AM - 8:00 PM
  • Saturday 9:30 AM - 1:30 PM
  • Closed Sundays and Holidays